000 00310nam a2200121Ia 4500
008 240731s9999 xx 000 0 und d
022 _a1175-8821
245 0 _aNew Zealand Journal of Zoology
260 _bTaylor & Francis
856 _uhttps://www.tandfonline.com/loi/tnzz20
942 _2ddc
942 _cTFEJ
999 _c78730
_d78730
945 _a1
_bMadushi Gamage
_c1
_dMadushi Gamage